000
00284nam a2200109Ia 4500
008
190216s9999||||xx |||||||||||||| ||und||
100
_a
Agarwala . A N
245
0
_a
Higher Science Of Accountancy
260
_b
Publications Division Govt. Of India
_c
1978
300
_a
1334p
942
_c
BK
999
_c
4350
_d
4350